[Event "AUT-ch Rapid"]
[Site "Graz"]
[Date "2023.06.10"]
[Round "3"]
[White "Szolderits, Guenter D"]
[Black "Krebs, Johann"]
[Result "0-1"]
[WhiteElo "1919"]
[BlackElo "2224"]
[PlyCount "118"]
[EventDate "2023.06.10"]
[EventType "swiss (rapid)"]
[EventRounds "9"]
[EventCountry "AUT"]
[SourceTitle "CBM 214 Extra"]
[Source "ChessBase"]
[SourceDate "2023.07.31"]
[SourceVersion "1"]
[SourceVersionDate "2023.07.31"]
[SourceQuality "1"]

1. e4 c6 2. d4 d5 3. exd5 cxd5 4. Bd3 Nf6 5. c3 Nc6 6. Bf4 Bg4 7. Qb3 Qd7 8. Nd2 e6 9. Ngf3 Bd6 10. Ne5 Qc7 11. Nxg4 Bxf4 12. Nxf6+ gxf6 13. Nf3 0-0-0 14. g3 Bd6 15. 0-0 h5 16. Rac1 Kb8 17. c4 Na5 18. Qa4 dxc4 19. Bxc4 Nxc4 20. Rxc4 Qd7 21. Qxd7 Rxd7 22. Rfc1 Rc7 23. Rxc7 Bxc7 24. Kg2 Rd8 25. Rc5 f5 26. Rc4 Rd5 27. Ng5 Rd7 28. f4 Bd8 29. Nf3 Bf6 30. Kf2 Rd5 31. Ke3 b5 32. Rc1 Kb7 33. Ne5 Bxe5 34. dxe5 a5 35. b3 Rd8 36. a3 Kb6 37. b4 axb4 38. axb4 Ra8 39. Kf3 Ra3+ 40. Kg2 Rb3 41. Kh3 Rxb4 42. Kh4 Rb2 43. Rh1 b4 44. Kxh5 Rc2 45. Kg5 Kb5 46. h4 b3 47. h5 b2 48. Rb1 Kc4 49. Kf6 Kc3 50. Kxf7 Rh2 51. Kg6 Rh3 52. Kf6 Kc2 53. Rxb2+ Kxb2 54. Kxe6 Rxh5 55. Kf6 Kc3 56. e6 Kd4 57. e7 Rh8 58. Kf7 Rh7+ 59. Kg6 Rxe7 0-1

[Event "AUT-chT2M 2122"]
[Site "Austria"]
[Date "2022.03.26"]
[Round "8.4"]
[White "Krebs, Johann"]
[Black "Kovacs, Gabor H"]
[Result "1-0"]
[WhiteElo "2200"]
[BlackElo "2455"]
[PlyCount "71"]
[EventDate "2021.10.01"]
[EventType "team-tourn"]
[EventRounds "11"]
[EventCountry "AUT"]
[SourceTitle "EXT 2023"]
[Source "ChessBase"]
[SourceDate "2022.10.05"]
[SourceVersion "1"]
[SourceVersionDate "2022.10.05"]
[SourceQuality "1"]
[WhiteTeam "Frauental"]
[BlackTeam "Steyregg"]
[WhiteTeamCountry "AUT"]
[BlackTeamCountry "AUT"]

1. d4 d5 2. c4 e6 3. Nc3 h6 4. Nf3 Nf6 5. Bf4 Bd6 6. Bxd6 Qxd6 7. e3 0-0 8. Qc2 a6 9. cxd5 exd5 10. Bd3 Be6 11. 0-0 Nbd7 12. Rfc1 c6 13. Na4 Rfe8 14. Nc5 Nxc5 15. Qxc5 Qxc5 16. Rxc5 a5 17. Rac1 Ne4 18. Bxe4 dxe4 19. Nd2 Bxa2 20. Ra1 Bd5 21. Rcxa5 Rxa5 22. Rxa5 f5 23. Nb1 Kf7 24. Ra7 Re7 25. Nc3 Ke6 26. h4 g5 27. Ra8 Rh7 28. b4 Bb3 29. Kh2 Bc2 30. Re8+ Kf6 31. Re5 b6 32. Re8 Rc7 33. Rb8 b5 34. Rxb5 gxh4 35. Rc5 Ke6 36. Nd5 1-0

[Event "AUT-chT2M 2122"]
[Site "Austria"]
[Date "2021.10.22"]
[Round "4.2"]
[White "Krebs, Johann"]
[Black "Alekseenko, Kirill"]
[Result "0-1"]
[WhiteElo "2200"]
[BlackElo "2710"]
[PlyCount "60"]
[EventDate "2021.10.01"]
[EventType "team-tourn"]
[EventRounds "11"]
[EventCountry "AUT"]
[SourceTitle "EXT 2023"]
[Source "ChessBase"]
[SourceDate "2022.10.05"]
[SourceVersion "1"]
[SourceVersionDate "2022.10.05"]
[SourceQuality "1"]
[WhiteTeam "Frauental"]
[BlackTeam "Linz ASV"]
[WhiteTeamCountry "AUT"]
[BlackTeamCountry "AUT"]

1. d4 d5 2. c4 dxc4 3. Nf3 a6 4. e3 Bg4 5. h3 Bh5 6. Bxc4 e6 7. 0-0 Nf6 8. Nc3 Nc6 9. Be2 Bd6 10. e4 Bxf3 11. Bxf3 Nxd4 12. e5 Nxf3+ 13. Qxf3 Bxe5 14. Qxb7 0-0 15. Rd1 Qb8 16. Qf3 Qb4 17. Qe2 Bd4 18. Bg5 h6 19. a3 Qb6 20. Bxf6 Bxf6 21. Rac1 Rfd8 22. Na4 Qa5 23. Qc2 Bd4 24. b4 Qg5 25. Qc6 Qf4 26. Qc2 Rd6 27. Nc5 Rad8 28. Nd3 Qf5 29. Qxc7 Bb6 30. Qb7 Rxd3 0-1

[Event "AUT-chT2M 2122"]
[Site "Austria"]
[Date "2021.10.03"]
[Round "3.4"]
[White "Schernthaner, David"]
[Black "Krebs, Johann"]
[Result "1/2-1/2"]
[WhiteElo "2229"]
[BlackElo "2200"]
[PlyCount "45"]
[EventDate "2021.10.01"]
[EventType "team-tourn"]
[EventRounds "11"]
[EventCountry "AUT"]
[SourceTitle "CBM 204 Extra"]
[Source "ChessBase"]
[SourceDate "2021.11.30"]
[SourceVersion "1"]
[SourceVersionDate "2021.11.30"]
[SourceQuality "1"]
[WhiteTeam "Fuerstenfeld/Hartberg"]
[BlackTeam "Frauental"]
[WhiteTeamCountry "AUT"]
[BlackTeamCountry "AUT"]

1. e4 c6 2. Nc3 d5 3. Nf3 Bg4 4. h3 Bxf3 5. Qxf3 e6 6. Be2 Nf6 7. d3 Qb6 8. 0-0 Bd6 9. Rd1 Nbd7 10. d4 dxe4 11. Nxe4 Nxe4 12. Qxe4 Nf6 13. Qf3 0-0 14. Rb1 a5 15. c4 Qc7 16. Bg5 Be7 17. Bd3 Rad8 18. Be2 Rd7 19. Bf4 Bd6 20. Bg5 Be7 21. Bf4 Bd6 22. Bg5 Be7 23. Bf4 1/2-1/2

[Event "AUT-chT2M 1920"]
[Site "Austria"]
[Date "2020.01.11"]
[Round "8.3"]
[White "Milanovic, Danilo"]
[Black "Krebs, Johann"]
[Result "1-0"]
[WhiteElo "2455"]
[BlackElo "2226"]
[PlyCount "75"]
[EventDate "2019.10.11"]
[EventType "team-tourn"]
[EventRounds "11"]
[EventCountry "AUT"]
[SourceTitle "CBM 194 Extra"]
[Source "ChessBase"]
[SourceDate "2020.03.31"]
[SourceVersion "1"]
[SourceVersionDate "2020.03.31"]
[SourceQuality "1"]
[WhiteTeam "Pinggau Friedberg"]
[BlackTeam "Frauental"]
[WhiteTeamCountry "AUT"]
[BlackTeamCountry "AUT"]

1. d4 Nf6 2. c4 d6 3. Nc3 e5 4. Nf3 Nbd7 5. e4 g6 6. Be2 Bg7 7. 0-0 0-0 8. Re1 Re8 9. Bf1 a6 10. Rb1 exd4 11. Nxd4 Nc5 12. f3 a5 13. Be3 Nfd7 14. Qd2 Ne5 15. Rbd1 Ne6 16. b3 f5 17. exf5 Nxd4 18. Bxd4 Bxf5 19. Nd5 c6 20. Bb6 Qh4 21. Nc7 c5 22. Nxe8 Rxe8 23. Qf2 Qh6 24. f4 Ng4 25. Rxe8+ Kf7 26. Qg3 Kxe8 27. Rxd6 Bf6 28. Rxf6 Nxf6 29. Bxc5 Kf7 30. Qe3 Be4 31. h3 Qh4 32. Bd3 Qh5 33. g4 Nxg4 34. hxg4 Qxg4+ 35. Kf2 Qh4+ 36. Ke2 Qh5+ 37. Kd2 Qh2+ 38. Kc3 1-0

[Event "Steyr Landesliga 1920"]
[Site "Austria"]
[Date "2019.11.16"]
[Round "4.2"]
[White "Krebs, Johann"]
[Black "Benda, Herbert"]
[Result "1-0"]
[WhiteElo "2226"]
[BlackElo "2259"]
[PlyCount "107"]
[EventDate "2019.09.28"]
[EventType "team-tourn"]
[EventRounds "11"]
[EventCountry "AUT"]
[SourceTitle "CBM 193 Extra"]
[Source "ChessBase"]
[SourceDate "2020.01.31"]
[SourceVersion "1"]
[SourceVersionDate "2020.01.31"]
[SourceQuality "1"]
[WhiteTeam "Gratwein Strassengel"]
[BlackTeam "Gamlitz"]
[WhiteTeamCountry "AUT"]
[BlackTeamCountry "AUT"]

1. d4 d5 2. c4 c6 3. Nf3 Nf6 4. Nc3 e6 5. Bg5 Nbd7 6. cxd5 exd5 7. e3 Qa5 8. Nd2 Bd6 9. Qc2 0-0 10. Bd3 h6 11. Bh4 Re8 12. Bg3 Bxg3 13. hxg3 Qb4 14. 0-0-0 a5 15. Rh4 Nf8 16. Rdh1 Qd6 17. Kb1 b5 18. Nf3 Ng4 19. Rc1 Ng6 20. Rhh1 a4 21. e4 dxe4 22. Nxe4 Qd5 23. Rhe1 Be6 24. Nc3 Qd6 25. Re2 b4 26. Nxa4 Reb8 27. b3 Rxa4 28. Rxe6 Qxe6 29. Bc4 Qd6 30. bxa4 Ne7 31. Bb3 Nf6 32. Qc5 Qd8 33. Ne5 Nfd5 34. Nxc6 Nc3+ 35. Qxc3 bxc3 36. Nxd8 Rxd8 37. Rxc3 Rxd4 38. Rf3 Nd5 39. Bxd5 Rxd5 40. Kc2 Kf8 41. Re3 Rf5 42. Re2 Ra5 43. Kb3 Ra8 44. Re4 g5 45. g4 Kg7 46. Kb4 Rb8+ 47. Kc3 Ra8 48. Kb3 Kg6 49. Re5 f6 50. Rc5 Rb8+ 51. Ka3 Kf7 52. a5 Ke6 53. a6 Ra8 54. Rc6+ 1-0

[Event "EUR-chT Seniors 50"]
[Site "Mali Losinj"]
[Date "2019.09.18"]
[Round "1.2"]
[White "Krebs, Johann"]
[Black "Kozul, Zdenko"]
[Result "0-1"]
[WhiteElo "2226"]
[BlackElo "2569"]
[PlyCount "66"]
[EventDate "2019.09.18"]
[EventType "team-swiss"]
[EventRounds "9"]
[EventCountry "CRO"]
[SourceTitle "EXT 2020"]
[Source "ChessBase"]
[SourceDate "2019.10.17"]
[SourceVersion "1"]
[SourceVersionDate "2019.10.17"]
[SourceQuality "1"]
[WhiteTeam "Steiermark 50"]
[BlackTeam "Croatia 50"]
[WhiteTeamCountry "AUT"]
[BlackTeamCountry "CRO"]

1. d4 Nf6 2. c4 g6 3. Nc3 Bg7 4. e4 d6 5. Nf3 0-0 6. Be2 Nbd7 7. 0-0 e5 8. Re1 h6 9. Bf1 Nh7 10. Be3 f5 11. dxe5 dxe5 12. Qc2 f4 13. Bc1 g5 14. h3 h5 15. Nh2 c6 16. Be2 Ndf6 17. Qd1 g4 18. hxg4 Qxd1 19. Rxd1 hxg4 20. b3 Ng5 21. Ba3 Re8 22. f3 g3 23. Nf1 Bf8 24. Bd6 Bxd6 25. Rxd6 Kg7 26. c5 Be6 27. Rdd1 Rh8 28. Nd2 Rh2 29. Bc4 Rah8 30. Kf1 Bh3 31. gxh3 Rf2+ 32. Ke1 Rxh3 33. Rdc1 Rh1+ 0-1

[Event "AUT-chT2M 1819"]
[Site "Austria"]
[Date "2018.10.20"]
[Round "2.6"]
[White "Krebs, Johann"]
[Black "Eder, Matthias"]
[Result "0-1"]
[WhiteElo "2208"]
[BlackElo "2149"]
[PlyCount "60"]
[EventDate "2018.10.19"]
[EventType "team-tourn"]
[EventRounds "11"]
[EventCountry "AUT"]
[SourceTitle "CBM 186 Extra"]
[Source "ChessBase"]
[SourceDate "2018.08.24"]
[SourceVersion "1"]
[SourceVersionDate "2018.08.24"]
[SourceQuality "1"]
[WhiteTeam "Frauental"]
[BlackTeam "Graz Schachfreunde"]
[WhiteTeamCountry "AUT"]
[BlackTeamCountry "AUT"]

1. d4 Nf6 2. c4 g6 3. Nc3 Bg7 4. e4 d6 5. Be2 0-0 6. Nf3 e5 7. 0-0 Nc6 8. d5 Ne7 9. Ne1 Nd7 10. Be3 f5 11. f3 f4 12. Bf2 g5 13. Rc1 Ng6 14. c5 Nxc5 15. b4 Na6 16. Nb5 Bd7 17. a4 h5 18. Nd3 Bh6 19. Rc3 Rf7 20. Kh1 Rg7 21. Nxa7 Nf8 22. b5 Nc5 23. Nxc5 dxc5 24. b6 cxb6 25. Nb5 g4 26. Ra3 g3 27. Bg1 Bh3 28. Re1 Bxg2+ 29. Kxg2 gxh2+ 30. Kh1 hxg1Q+ 0-1

[Event "Pula op 32nd"]
[Site "Pula"]
[Date "2018.06.25"]
[Round "3"]
[White "Plenca, Jadranko"]
[Black "Krebs, Johann"]
[Result "1-0"]
[WhiteElo "2482"]
[BlackElo "2222"]
[PlyCount "169"]
[EventDate "2018.06.23"]
[EventType "swiss"]
[EventRounds "9"]
[EventCountry "CRO"]
[SourceTitle "CBM 185 Extra"]
[Source "ChessBase"]
[SourceDate "2018.07.29"]
[SourceVersion "1"]
[SourceVersionDate "2018.07.29"]
[SourceQuality "1"]

1. e4 c5 2. Nf3 Nc6 3. Bb5 g6 4. Bxc6 bxc6 5. 0-0 Bg7 6. Re1 Nf6 7. e5 Nd5 8. c4 Nc7 9. d4 cxd4 10. Qxd4 Ne6 11. Qh4 d6 12. exd6 Qxd6 13. Nc3 h5 14. Bd2 0-0 15. Ne4 Qc7 16. Bc3 Bxc3 17. Nxc3 Re8 18. Ne5 Rd8 19. Qe4 Rd4 20. Qf3 Rf4 21. Qxc6 Qxc6 22. Nxc6 Rxc4 23. Nxe7+ Kf8 24. Nxc8 Raxc8 25. Rad1 Nc5 26. Rd2 Na4 27. Nxa4 Rxa4 28. b3 Rb4 29. Rd7 a5 30. g3 Rb5 31. Re2 Kg7 32. h4 Rc3 33. Rd4 Rf5 34. Red2 Rcc5 35. Kf1 Kf6 36. Ke2 Rfe5+ 37. Kd1 Rf5 38. Re2 Rc3 39. Red2 Rcc5 40. Ke2 Rfe5+ 41. Kf3 Rc3+ 42. Kg2 Rcc5 43. Rf4+ Ke6 44. Rd8 Ke7 45. Ra8 Rc7 46. b4 axb4 47. Rxb4 Rf5 48. Rb2 Rc1 49. Ra3 Rc7 50. Ra6 Rc1 51. a4 Ra1 52. Rb5 Rxb5 53. axb5 Rb1 54. Rb6 Rb3 55. Rb7+ Ke6 56. b6 f6 57. Rb8 Kf5 58. b7 Rb1 59. f3 Rb2+ 60. Kf1 Rb1+ 61. Ke2 Rb2+ 62. Kd3 Rb1 63. Kc4 Rc1+ 64. Kd5 Rd1+ 65. Kc6 Rc1+ 66. Kd6 Rd1+ 67. Ke7 Rb1 68. Kf7 Rb6 69. Kg7 Rb1 70. Kh6 Rb6 71. Ra8 Rxb7 72. Ra5+ Ke6 73. Kxg6 Rb8 74. Kxh5 Rg8 75. g4 Rb8 76. Kg6 Rg8+ 77. Kh7 Rb8 78. Kg7 Rb7+ 79. Kg6 Rb6 80. h5 Ke7 81. Kg7 Ke6 82. h6 Rb3 83. h7 Rb7+ 84. Kg6 Rb8 85. Ra7 1-0

[Event "Schilcherland op 1st"]
[Site "Deutschlandsberg"]
[Date "2018.01.01"]
[Round "4"]
[White "Krebs, Johann"]
[Black "Mazi, Leon"]
[Result "1/2-1/2"]
[WhiteElo "2264"]
[BlackElo "2352"]
[PlyCount "62"]
[EventDate "2017.12.29"]
[EventType "swiss"]
[EventRounds "9"]
[EventCountry "AUT"]
[SourceTitle "CBM 182 Extra"]
[Source "ChessBase"]
[SourceDate "2018.02.23"]
[SourceVersion "1"]
[SourceVersionDate "2018.02.23"]
[SourceQuality "1"]

1. d4 d5 2. c4 dxc4 3. e3 Nf6 4. Bxc4 e6 5. Nf3 a6 6. 0-0 c5 7. dxc5 Bxc5 8. Qxd8+ Kxd8 9. Nbd2 Nc6 10. Nb3 Bd6 11. Rd1 Ke7 12. Bd2 Bd7 13. Rac1 Rhc8 14. Be2 Nb4 15. a3 Ba4 16. Nfd4 Nc2 17. Rxc2 Rxc2 18. Nxc2 Bxb3 19. Rc1 Rc8 20. Nd4 Rxc1+ 21. Bxc1 Bd5 22. f3 Bc5 23. Bd2 g6 24. Kf2 Kd6 25. Nc2 Bb3 26. Bd3 Nd5 27. Ke2 e5 28. g3 Nc7 29. Bb4 Nd5 30. Bxc5+ Kxc5 31. Kd2 Nb6 1/2-1/2

[Event "Steyr Landesliga 1718"]
[Site "Austria"]
[Date "2017.12.02"]
[Round "6.4"]
[White "Wilfling, Hermann"]
[Black "Krebs, Johann"]
[Result "1/2-1/2"]
[WhiteElo "2145"]
[BlackElo "2248"]
[PlyCount "96"]
[EventDate "2017.09.30"]
[EventType "team-tourn"]
[EventRounds "11"]
[EventCountry "AUT"]
[SourceTitle "EXT 2019"]
[Source "ChessBase"]
[SourceDate "2018.10.10"]
[SourceVersion "1"]
[SourceVersionDate "2018.10.10"]
[SourceQuality "1"]
[WhiteTeam "Feldbach Kirchberg"]
[BlackTeam "Frauental Strassenbahn"]
[WhiteTeamCountry "AUT"]
[BlackTeamCountry "AUT"]

1. e4 g6 2. Nf3 Bg7 3. d4 d6 4. c4 e5 5. dxe5 dxe5 6. Qxd8+ Kxd8 7. Nc3 c6 8. Be3 Nd7 9. Be2 Bh6 10. Bxh6 Nxh6 11. 0-0-0 Ke7 12. Rd2 f6 13. Rhd1 Nf7 14. Ne1 Nc5 15. b3 Ng5 16. f3 a5 17. Nc2 Nge6 18. Kb2 h5 19. a3 h4 20. b4 axb4 21. axb4 Na4+ 22. Kb3 Nxc3 23. Kxc3 Nf4 24. Bf1 Be6 25. c5 Rhd8 26. Rxd8 Rxd8 27. Rxd8 Kxd8 28. g3 hxg3 29. hxg3 Nh5 30. g4 Nf4 31. Ne3 Kc7 32. Ng2 g5 33. Nxf4 gxf4 34. Be2 b5 35. Kd2 Kd8 36. Ke1 Ke7 37. Kf2 Kf7 38. Kg2 Kg6 39. Kf2 Kg5 40. Bd3 Kh4 41. Be2 Bb3 42. Bd3 Kh3 43. Bf1+ Kh2 44. Bd3 Bd1 45. Bf1 Bc2 46. Be2 Kh3 47. Bf1+ Kh4 48. Be2 Kg5 1/2-1/2

[Event "Steyr Landesliga 1617"]
[Site "Austria"]
[Date "2017.05.06"]
[Round "11.1"]
[White "Krebs, Johann"]
[Black "Diermair, Andreas"]
[Result "0-1"]
[WhiteElo "2271"]
[BlackElo "2478"]
[PlyCount "112"]
[EventDate "2016.10.01"]
[EventType "team-tourn"]
[EventRounds "11"]
[EventCountry "AUT"]
[SourceTitle "EXT 2018"]
[Source "ChessBase"]
[SourceDate "2017.10.13"]
[SourceVersion "1"]
[SourceVersionDate "2017.10.13"]
[SourceQuality "1"]
[WhiteTeam "Frauental Strassenbahn"]
[BlackTeam "Trofaiach Niklasdorf"]
[WhiteTeamCountry "AUT"]
[BlackTeamCountry "AUT"]

1. d4 d5 2. Bf4 Nf6 3. e3 c5 4. c3 Nc6 5. Nd2 Bf5 6. Bb5 Qb6 7. a4 a6 8. Bxc6+ bxc6 9. Qb3 Qxb3 10. Nxb3 c4 11. Na5 Rc8 12. Nf3 e6 13. Nb7 Ne4 14. Nd2 Kd7 15. Nxe4 Bxe4 16. f3 Bg6 17. Nc5+ Bxc5 18. dxc5 Ra8 19. h4 h5 20. Ra3 Ra7 21. Kd2 Rb7 22. Kc1 f6 23. Bd6 e5 24. Rh3 Bf5 25. Rh1 Ke6 26. Re1 Bd3 27. Rd1 a5 28. b3 e4 29. Kb2 Be2 30. Re1 exf3 31. gxf3 Bxf3 32. b4 Ra8 33. Ka2 axb4 34. cxb4 Rxb4 35. a5 Be4 36. Rc1 Ra6 37. Bc7 Rb7 38. Bb6 g5 39. Kb2 gxh4 40. Kc3 h3 41. Ra2 Bg2 42. Rf2 Rg7 43. Rf4 Rg4 44. Bc7 Ra7 45. Bb6 Rxa5 46. Bxa5 Rxf4 47. exf4 h2 48. Kd4 h1Q 49. Rxh1 Bxh1 50. Bc3 Kf5 51. Ke3 h4 52. Bb2 Be4 53. Kf2 Kxf4 54. Bxf6 h3 55. Bd8 Bf5 56. Ke2 Kg3 0-1

[Event "Schwarzach op 31st"]
[Site "Schwarzach"]
[Date "2016.08.27"]
[Round "9"]
[White "Schnepp, Gunnar"]
[Black "Krebs, Johann"]
[Result "1-0"]
[WhiteElo "2319"]
[BlackElo "2277"]
[PlyCount "135"]
[EventDate "2016.08.20"]
[EventType "swiss"]
[EventRounds "9"]
[EventCountry "AUT"]
[SourceTitle "CBM 174 Extra"]
[Source "ChessBase"]
[SourceDate "2016.10.10"]
[SourceVersion "1"]
[SourceVersionDate "2016.10.10"]
[SourceQuality "1"]

1. d4 Nf6 2. c4 c5 3. d5 e6 4. Nc3 exd5 5. cxd5 d6 6. e4 g6 7. Bd3 Bg7 8. Nge2 0-0 9. 0-0 Nbd7 10. h3 Re8 11. Ng3 h5 12. Bg5 a6 13. a4 Ne5 14. Be2 Qa5 15. Bxf6 Bxf6 16. f4 Nd7 17. e5 dxe5 18. f5 e4 19. fxg6 fxg6 20. Ngxe4 Bd4+ 21. Kh1 Rf8 22. Qd2 Kg7 23. Bxh5 Qd8 24. Be2 Qh4 25. Rxf8 Nxf8 26. Qg5 Qxg5 27. Nxg5 Nh7 28. Nxh7 Kxh7 29. Bf3 Bd7 30. Re1 Re8 31. Rxe8 Bxe8 32. a5 Kg7 33. d6 Be5 34. Bxb7 Bxd6 35. Bxa6 Bc7 36. Ne4 Bc6 37. Nxc5 Bxa5 38. Kg1 Kf6 39. Kf2 g5 40. Be2 Bb4 41. Nd3 Bd2 42. Bf3 Bb5 43. Nc5 Ke5 44. Kg3 Kf5 45. Be4+ Ke5 46. Bb7 Be2 47. Bf3 Bb5 48. Kg4 Be3 49. b4 Bd2 50. Ne4 Bd7+ 51. Kh5 Be8+ 52. Kh6 Be3 53. Nxg5 Kf5 54. h4 Bf2 55. g4+ Ke5 56. Be2 Bc6 57. b5 Bd5 58. Bf3 Bxh4 59. Bxd5 Kxd5 60. Nf3 Bf2 61. Kh5 Be3 62. g5 Bc1 63. g6 Bb2 64. Nd2 Be5 65. b6 Ke6 66. Nc4 Bf4 67. Kg4 Bb8 68. Kg5 1-0